| 000 | 00598nam a2200181 a 4500 | ||
|---|---|---|---|
| 001 | 1774 | ||
| 005 | 20140414131918.0 | ||
| 008 | 010309s19uu xx 00 eng d | ||
| 020 | _a0-689-50578-7 | ||
| 050 |
_aER _bJ59 1993 |
||
| 100 | _aSerefozo, Mary | ||
| 245 |
_aJoe Joe / _cMary Serfozo ; illustrated by Nina S. Montezinos. |
||
| 260 |
_aNew York : _bMargaret K. McElderry Books, _c1993. |
||
| 300 | _a1 v. p. : ill. ; cm. | ||
| 520 | _aDuring an active outing, Joe Joe produces such sounds as "Bang bang" "Clap clap", and "Splash splash." | ||
| 650 |
_aSound _xFiction. |
||
| 999 |
_c111589 _d111589 |
||